书目信息 |
| 题名: |
Flash单片机原理及应用
|
|
| 作者: | 余永权 主编 | |
| 分册: | ||
| 出版信息: | 北京 电子工业出版社 1997.10 |
|
| 页数: | 300页 | |
| 开本: | 16开 | |
| 丛书名: | ||
| 单 册: | ||
| 中图分类: | TP368.2 | |
| 科图分类: | ||
| 主题词: | 微型计算机 | |
| 电子资源: | ||
| ISBN: | 7-5053-4399-8 | |
| 000 | 00568nam0 2200193 45 | |
| 001 | 0005240823 | |
| 005 | 20000524090008.1 | |
| 010 | @a7-5053-4399-8@d25.00元 | |
| 100 | @a20000524d1997 km y0chiy0120 ea | |
| 101 | @achi | |
| 105 | @a z 000yy | |
| 200 | 1 | @aFlash单片机原理及应用@AFlash Dan Pian Ji Yuan Li Ji Ying Yong@f余永权主编@FYu Yong Quan Zhu Bian |
| 210 | @a北京@c电子工业出版社@d1997.10 | |
| 215 | @a300页@d16开 | |
| 606 | 0 | @a微型计算机 |
| 690 | @aTP368.2@v3 | |
| 701 | @a余永权@4主编 | |
| 801 | @aCN@bPftUser@c20000524 | |
| 905 | @f1@b56434@dTP368.2@eY695 | |
| Flash单片机原理及应用/余永权主编.-北京:电子工业出版社,1997.10 |
| 300页;16开 |
| ISBN 7-5053-4399-8:25.00元 |
| ● |
| 相关链接 |
|
|
|
正题名:Flash单片机原理及应用
索取号:TP368.2/Y695
 
预约/预借
| 序号 | 登录号 | 条形码 | 馆藏地/架位号 | 状态 | 备注 |
| 1 | 56434 | 200564344 | 自科库301/ [索取号:TP368.2/Y695] | 在馆 |